000 00265nam a22001217a 4500
082 _a158
_bGLA/T
100 _aGLADWELL,MALCOLM
245 _aTHE TIPPING POINT
260 _aLONDON
_bABACUS
300 _a279
650 _aPERSONALITY DEVELOPMENT
_zLONDON
942 _cBK
999 _c5160
_d5160